Largest cities in morocco - Statistics

General Stats
  • This quiz has been taken 1,266 times
  • The average score is 12 of 50
Answer Stats
population city % Correct
3,144,909 casablanca
98%
1,655,753 rabat
98%
964,891 fes
82%
688,356 tangier
79%
839,296 marrakech
77%
698,310 agadir
67%
545,705 meknes
55%
318,698 tetouan
48%
405,253 oujda
45%
903,485 sale
40%
69,005 essaouira
37%
352,058 kenitra
36%
124,915 nador
35%
282,227 safi
31%
55,618 dakhla
28%
143,419 el jadida
28%
53,489 ouarzazate
28%
178,542 laayoune
27%
137,778 taza
22%
395,644 al hoceima
20%
162,341 khouribga
19%
116,548 settat
19%
79,570 berkane
17%
106,895 larache
17%
71,522 khenifra
16%
75,239 errachidia
15%
60,560 tan tan
15%
95,599 guelmim
13%
68,726 taroudant
13%
225,084 temara
13%
89,551 berrechid
8%
62,693 ben guerir
7%
53,529 fnideq
7%
74,036 sidi kacem
7%
56,526 guercif
6%
63,872 sefrou
6%
78,036 sidi slimane
6%
130,105 ait melloul
5%
57,367 ouazzane
4%
64,391 youssoufia
4%
68,253 el kelaa des sraghna
3%
198,879 inezgan
3%
187,708 mohemmadia
3%
69,640 tifelt
3%
104,769 khemmisat
2%
107,120 ksar el kbir
2%
66,159 ouelad teima
2%
79,664 taorirte
2%
83,931 wad zam
2%
82,407 fikh ben saleh
1%
No matching quizzes found
Score Distribution
Percent of People with Each Score
Percentile by Number Answered
Your Score History
You have not taken this quiz